Ngàn lẻ câu danh ngôn tình yêu

Kaydedildi:
Detaylı Bibliyografya
Materyal Türü: Kitap
Dil:Undetermined
Baskı/Yayın Bilgisi: Hải Phòng Nhà xuất bản Hải Phòng 2004
Konular:
Etiketler: Etiketle
Etiket eklenmemiş, İlk siz ekleyin!
Thư viện lưu trữ: Trung tâm Học liệu Trường Đại học Cần Thơ
LEADER 00511nam a2200181Ia 4500
001 CTU_94025
008 210402s9999 xx 000 0 und d
020 |c 39000 
082 |a 398.9 
082 |b Ng105 
245 0 |a Ngàn lẻ câu danh ngôn tình yêu 
245 0 |c Hồ Đức Tuyên biên soạn 
260 |a Hải Phòng 
260 |b Nhà xuất bản Hải Phòng 
260 |c 2004 
650 |a Proverbs 
904 |i Minh 
980 |a Trung tâm Học liệu Trường Đại học Cần Thơ